000 00651nam a22002177a 4500
003 UA-OsUOA
001 37135
007 ta
008 20060223b un ||||| |||| 00| 0 ukr d
100 _aКолісник А.
090 _a34
_bК11
942 _cSA
040 _aUA-OsUOA
_bukr
_cUA-OsUOA
_dUA-OsUOA
245 _aСучасні тенденції правової охорони та використання програмного забезпечення
300 _aС.80-86
955 _a0
041 _aukr
080 _a34
773 0 _w37130
_tПерсонал
_dК.
_d2006
_g1
650 7 _a34 Право. Юриспруденція
_2UDC
999 _c323339
_d323339